| 000 | 01202nam a22003017a 4500 | ||
|---|---|---|---|
| 005 | 20170512143655.0 | ||
| 008 | 120803t xxu||||| |||| 00| 0 eng d | ||
| 010 | _aENG-105489 | ||
| 020 |
_a9788120346048 _c295.00 |
||
| 035 | _aEN-89022 | ||
| 035 | _aB-663816 | ||
| 037 | _bDBAD / PUB | ||
| 037 |
_bdpl _abookwell |
||
| 040 |
_aDPL _bEN |
||
| 082 | _a338.60954 | ||
| 100 |
_aDas, Subhas Chandra _950733 |
||
| 245 |
_aCorporate governance in India : _ban evaluation / _cby Subhash Chandra Das |
||
| 250 | _a3rd ed | ||
| 260 |
_aNew Delhi _bPHI Learning _c2012 |
||
| 270 |
_aM-97, Connaught Circus _bNew Delhi _e110001 |
||
| 300 |
_axxi,297p. _c23cm(pbk) |
||
| 500 | _aIncludes bibliographical references and index | ||
| 710 |
_aProject Management Institute. _950734 |
||
| 856 | _uhttp://www.loc.gov/catdir/toc/ecip0410/2003023995.html | ||
| 942 |
_2ddc _cEN _h338.60954 _mDAS |
||
| 999 |
_c68847 _d68847 |
||